Statistiques concernant Deuxiéme villes °8

Cliquez ici pour prendre le quiz!

Statistiques générales

  • Ce quiz a été pris 89 fois
  • Le résultat moyen est 8 sur 16

Statistiques - réponses

2éme villePays% Correct
WellingtonNouvelle-zelande
99%
RotterdamPays-bas
99%
Los AngelesÉtats-Unis
97%
BergenNorvége
80%
SfaxTunisie
70%
BenghaziLibye
58%
QuetzaltenangoGuatemala
55%
PalikirMicronesie
48%
Al RayyanQatar
36%
Ciudad del EsteParaguay
33%
Banja LukaBosnie-Herzegovine
30%
BulawayoZimbabwe
25%
ZinderNiger
17%
FreeportBahamas
16%
NamanganOuzbekistan
12%
RunduNamibie
4%

Distribution des résultats

Percentile par nombre de réponses

% des personnes avec chaque résultat

Votre développement - résultats

Vous n’avez pas pris ce quiz